| 000 | 00506nam a22001817a 4500 | ||
|---|---|---|---|
| 999 |
_c6144 _d6144 |
||
| 003 | AR-CdUCM | ||
| 008 | 190313b ||||| |||| 00| 0 spa d | ||
| 040 |
_aMUNICIPALIDAD PROVINCIAL DEL CUSCO _cBIBLIOTECA MUNICIPAL DEL CUSCO |
||
| 082 |
_a869.30 / _bP69 |
||
| 100 |
_aPoblete, Carlos _917803 |
||
| 245 |
_aPaisaje del sexo : _bpoemas / |
||
| 260 |
_aChile : _bZig-Zag, _c1933. |
||
| 300 |
_a62 páginas ; _c12 cm. |
||
| 505 | _aPoesía. | ||
| 650 |
_aPoesía. _9139 |
||
| 942 |
_2ddc _cLIBROS |
||
| 945 | _awfj | ||